日経平均株価構成銘柄の本社・本店所在地 - Statistics

General Stats
  • This quiz has been taken 428 times
  • The average score is 216 of 269
Answer Stats
33業種分類 証券コード 銘柄 所在地 % Correct
4188 三菱ケミカルホールディングス 東京都千代田区丸の内1丁目1番1号 パレスビル
98%
8802 三菱地所 東京都千代田区大手町1丁目1番1号 大手町パークビルディング
98%
3407 旭化成 東京都千代田区有楽町1丁目1番2号日比谷三井タワー
98%
8316 三井住友フィナンシャルグループ 東京都千代田区丸の内1丁目1番2号 三井住友銀行本店ビルディング
98%
5020 ENEOSホールディングス 東京都千代田区大手町1丁目1番2号 大手門タワー・ENEOSビル
98%
電力 9501 東京電力ホールディングス 東京都千代田区内幸町1丁目1番3号
98%
8750 第一生命ホールディングス 東京都千代田区有楽町1丁目13番1号 DNタワー21
98%
8031 三井物産 東京都千代田区大手町1丁目2番1号 三井物産ビル
98%
石油 5019 出光興産 東京都千代田区大手町1丁目2番1号Otemachi One タワー
98%
9602 東宝 東京都千代田区有楽町1丁目2番2号 東宝日比谷ビル
98%
食品 2002 日清製粉グループ本社 東京都千代田区神田錦町1丁目25番地
98%
4689 Zホールディングス 東京都千代田区紀尾井町1番3号東京ガーデンテラス紀尾井町 紀尾井タワー
98%
8628 松井証券 東京都千代田区麹町1丁目4番地
98%
4063 信越化学工業 東京都千代田区丸の内1丁目4番1号
98%
8309 三井住友トラスト・ホールディングス 東京都千代田区丸の内1丁目4番1号 三井住友信託銀行本店ビル
98%
8002 丸紅 東京都千代田区大手町1丁目4番2号
98%
窯業 5201 AGC 東京都千代田区丸の内1丁目5番1号 新丸の内ビルディング
98%
情報通信 9432 日本電信電話 東京都千代田区大手町1丁目5番1号
大手町ファーストスクエアイーストタワー
98%
8411 みずほフィナンシャルグループ 東京都千代田区大手町1丁目5番5号 大手町タワー
98%
4151 協和キリン 東京都千代田区大手町1丁目6番1号
98%
太平洋金属(本店) 東京都千代田区大手町1丁目6番1号
98%
6857 アドバンテスト 東京都千代田区丸の内1丁目6番2号
98%
6501 日立製作所 東京都千代田区丸の内1丁目6番6号 日本生命丸の内ビル
98%
4043 トクヤマ(本社) 東京都千代田区外神田1丁目7番5号 フロントプレイス秋葉原
98%
証券 8601 大和証券グループ本社 東京都千代田区丸の内1丁目9番1号 グラントウキョウノースタワー
98%
6098 リクルートホールディングス 東京都千代田区丸の内1丁目9番2号 グラントウキョウサウスタワー
98%
9147 NIPPON EXPRESSホールディングス 東京都千代田区神田和泉町2番地
98%
商社 2768 双日 東京都千代田区内幸町2丁目1番1号飯野ビル
98%
9107 川崎汽船(本社) 東京都千代田区内幸町2丁目1番1号飯野ビル
98%
8604 野村ホールディングス(本社) 東京都千代田区大手町2丁目2番2号 アーバンネット大手町ビル
98%
5411 JFEホールディングス 東京都千代田区内幸町2丁目2番3号 日比谷国際ビル
98%
8058 三菱商事 東京都千代田区丸の内2丁目3番1号 三菱商事ビルディング
98%
6178 日本郵政 東京都千代田区大手町2丁目3番1号 大手町プレイス
98%
8053 住友商事 東京都千代田区大手町2丁目3番2号 大手町プレイス イーストタワー
98%
海運 9101 日本郵船 東京都千代田区丸の内2丁目3番2号 郵船ビル
98%
鉄鋼業 5401 日本製鉄 東京都千代田区丸の内2丁目6番1号丸の内パークビルディング
98%
化学工業 3405 クラレ(本社) 東京都千代田区大手町2丁目6番4号 常盤橋タワー
98%
5801 古河電気工業 東京都千代田区大手町2丁目6番4号 常盤橋タワー
98%
8766 東京海上ホールディングス 東京都千代田区大手町2丁目6番4号 常盤橋タワー
98%
8306 三菱UFJフィナンシャル・グループ 東京都千代田区丸の内2丁目7番1号
98%
4902 コニカミノルタ 東京都千代田区丸の内2丁目7番2号 JPタワー
98%
6503 三菱電機 東京都千代田区丸の内2丁目7番3号 東京ビルディング
98%
大束ホールディングス(本店) 東京都千代田区神田司町2丁目9番地
98%
9433 KDDI(本社) 東京都千代田区飯田橋3丁目10番10号ガーデンエアタワー
98%
大和ハウス工業(東京本社) 東京都千代田区飯田橋3丁目13番1号
98%
繊維 3401 帝人(東京本社) 東京都千代田区霞が関3丁目2番1号 霞が関コモンゲート西館
98%
5711 三菱マテリアル 東京都千代田区丸の内3丁目2番3号丸の内二重橋ビル
98%
7011 三菱重工業 東京都千代田区丸の内3丁目2番3号 丸の内二重橋ビル
98%
5714 DOWAホールディングス 東京都千代田区外神田4丁目14番1号 秋葉原UDXビル
98%
6273 SMC 東京都千代田区外神田4丁目14番1号秋葉原UDX
98%
3863 日本製紙(本社) 東京都千代田区神田駿河台4丁目6番地御茶ノ水ソラシティ
98%
8304 あおぞら銀行 東京都千代田区麹町6丁目1番地1 ソフィアタワー
98%
5232 住友大阪セメント 東京都千代田区六番町6番28号
98%
3382 セブン&アイ・ホールディングス 東京都千代田区二番町8番地8 二番町ガーデンビル
98%
7912 大日本印刷 東京都新宿区市谷加賀町1丁目1番地1号
96%
サービス業 2413 エムスリー 東京都港区赤坂1丁目11番44号 赤坂インターシティ
96%
4004 昭和電工 東京都港区芝大門1丁目13番9号
96%
7012 川崎重工業(東京本社) 東京都港区海岸1丁目14番5号
96%
4208 UBE(本社) 東京都港区芝浦1丁目2番1号シーバンスN館
96%
非鉄金属金属製品 3436 SUMCO 東京都港区芝浦1丁目2番1号 シーバンスN館
96%
5301 東海カーボン 東京都港区北青山1丁目2番3号
96%
1801 大成建設 東京都新宿区西新宿1丁目25番1号 新宿センタービル
96%
保険 8630 SOMPOホールディングス 東京都新宿区西新宿1丁目26番1号 損保ジャパン本社ビル
96%
水産 1332 ニッスイ 東京都港区西新橋1丁目3番1号
96%
1812 鹿島建設 東京都港区元赤坂1丁目3番1号
96%
住友電気工業(東京本社) 東京都港区元赤坂1丁目3番13号赤坂センタービルディング
96%
3659 ネクソン 東京都港区六本木1丁目4番5号
96%
ガス 9531 東京ガス 東京都港区海岸1丁目5番20号
96%
4183 三井化学 東京都港区東新橋1丁目5番2号 汐留シティセンター
96%
6702 富士通(本社) 東京都港区東新橋1丁目5番2号 汐留シティセンター
96%
9202 ANAホールディングス 東京都港区東新橋1丁目5番2号汐留シティセンター
96%
4911 資生堂 東京都港区東新橋1丁目6番2号 汐留タワー
96%
6758 ソニーグループ 東京都港区港南1丁目7番1号 ソニーシティ
96%
9434 ソフトバンク 東京都港区海岸1丁目7番1号東京ポートシティ竹芝オフィスタワー
96%
9984 ソフトバンクグループ 東京都港区海岸1丁目7番1号 東京ポートシティ竹芝オフィスタワー
96%
4324 電通グループ 東京都港区東新橋1丁目8番1号
96%
小田急電鉄(本社) 東京都新宿区西新宿1丁目8番3号小田急明治安田生命ビル
96%
7267 本田技研工業 東京都港区南青山2丁目1番1号
96%
9104 商船三井 東京都港区虎ノ門2丁目1番1号 虎ノ門ダイビル
96%
1802 大林組 東京都港区港南2丁目15番2号 品川インターシティB棟
96%
7731 ニコン 東京都港区港南2丁目15番3号品川インターシティC棟
96%
4578 大塚ホールディングス(本社) 東京都港区港南2丁目16番4号 品川グランドセントラルタワー
96%
富士フイルムホールディングス(本店) 東京都港区西麻布2丁目26番30号 富士フイルム西麻布ビル
96%
豊田通商(東京本社) 東京都港区港南2丁目3番13号品川フロントビル
96%
7733 オリンパス 東京都新宿区西新宿2丁目3番1号新宿モノリスビル
96%
1808 長谷工コーポレーション 東京都港区芝2丁目32番1号
96%
KDDI(本店) 東京都新宿区西新宿2丁目3番2号KDDIビル
96%
6301 小松製作所 東京都港区赤坂2丁目3番6号
96%
オリックス(東京本社・本店) 東京都港区浜松町2丁目4番1号 世界貿易センタービル南館
96%
8830 住友不動産 東京都新宿区西新宿2丁目4番1号 新宿NSビル
96%
8001 伊藤忠商事(東京本社) 東京都港区北青山2丁目5番1号 伊藤忠商事東京本社ビル
96%
7211 三菱自動車工業 東京都港区芝浦3丁目1番21号 msb Tamachi 田町ステーションタワーS
96%
京王電鉄(本店) 東京都新宿区新宿3丁目1番24号 京王新宿三丁目ビル
96%
3099 三越伊勢丹ホールディングス(本社) 東京都新宿区西新宿3丁目2番5号 三越伊勢丹西新宿ビル
96%
日本板硝子(本店) 東京都港区三田3丁目5番27号 住友不動産三田ツインビル西館
96%
4042 東ソー(本社) 東京都港区芝3丁目8番2号
96%
2914 日本たばこ産業 東京都港区虎ノ門4丁目1番1号
96%
セイコーエプソン(本店) 東京都新宿区新宿4丁目1番6号 JR新宿ミライナタワー
96%
5713 住友金属鉱山 東京都港区新橋5丁目11番3号 新橋住友ビル
96%
三越伊勢丹ホールディングス(本店) 東京都新宿区新宿5丁目16番10号
96%
8035 東京エレクトロン 東京都港区赤坂5丁目3番1号 赤坂Bizタワー
96%
鉱業 1605 INPEX 東京都港区赤坂5丁目3番1号 赤坂Bizタワー
96%
その他製造 7832 バンダイナムコホールディングス 東京都港区芝5丁目37番8号
96%
6701 日本電気 東京都港区芝5丁目7番1号
96%
7741 HOYA 東京都新宿区西新宿6丁目10番1号 日土地西新宿ビル
96%
4901 富士フイルムホールディングス(本社) 東京都港区赤坂9丁目7番3号 ミッドタウン・ウェスト
96%
コナミホールディングス(本店) 東京都中央区銀座1丁目11番1号
95%
野村ホールディングス(本店) 東京都中央区日本橋1丁目13番地1号日鉄日本橋ビル
95%
4452 花王 東京都中央区日本橋茅場町1丁目14番10号
95%
2802 味の素 東京都中央区京橋1丁目15番1号
95%
倉庫運輸関連 9301 三菱倉庫 東京都中央区日本橋1丁目19番1号 日本橋ダイヤビルディング
95%
7270 SUBARU 東京都渋谷区恵比寿1丁目20番8号 エビススバルビル
95%
不動産 3289 東急不動産ホールディングス 東京都渋谷区道玄坂1丁目21番1号 渋谷ソラスタ
95%
小売業 3086 J.フロント リテイリング(本社) 東京都中央区日本橋1丁目4番1号 日本橋一丁目三井ビルディング
95%
9735 セコム 東京都渋谷区神宮前1丁目5番1号
95%
6952 カシオ計算機 東京都渋谷区本町1丁目6番2号
95%
9766 コナミホールディングス(本社) 東京都中央区晴海1丁目8番11号 晴海アイランドトリトンスクエア オフィスタワーY棟
95%
8804 東京建物 東京都中央区八重洲1丁目9番9号
95%
日本取引所グループ(本店) 東京都中央区日本橋兜町2番1号
95%
4502 武田薬品工業(グローバル本社) 東京都中央区日本橋本町2丁目1番1号
95%
3402 東レ(本社・本店) 東京都中央区日本橋室町2丁目1番1号日本橋三井タワー
95%
4061 デンカ 東京都中央区日本橋室町2丁目1番1号 日本橋三井タワー
95%
4519 中外製薬(本社) 東京都中央区日本橋室町2丁目1番1号 日本橋三井タワー
95%
8801 三井不動産 東京都中央区日本橋室町2丁目1番1号 三井本館
95%
4704 トレンドマイクロ 東京都渋谷区代々木2丁目1番1号 新宿マインズタワー
95%
クボタ(東京本社) 東京都中央区京橋2丁目1番3号
95%
1803 清水建設 東京都中央区京橋2丁目16番1号
95%
陸運 9064 ヤマトホールディングス 東京都中央区銀座2丁目16番10号
95%
9020 東日本旅客鉄道 東京都渋谷区代々木2丁目2番2号 JR東日本本社ビル
95%
2432 ディー・エヌ・エー 東京都渋谷区渋谷2丁目24番12号 渋谷スクランブルスクエア
95%
8725 MS&ADインシュアランスグループホールディングス 東京都中央区新川2丁目27番2号 東京住友ツインビルディング西館
95%
小田急電鉄(本店) 東京都渋谷区代々木2丁目28番12号小田急南新宿ビル
95%
2269 明治ホールディングス 東京都中央区京橋2丁目4番16号
95%
精密機器 4543 テルモ 東京都渋谷区幡ヶ谷2丁目44番1号
95%
6762 TDK 東京都中央区日本橋2丁目5番1号
95%
4021 日産化学 東京都中央区日本橋2丁目5番1号日本橋髙島屋三井ビルディング
95%
4503 アステラス製薬 東京都中央区日本橋本町2丁目5番1号 日本橋アステラス三井ビルディング
95%
6976 太陽誘電 東京都中央区京橋2丁目7番19号京橋イーストビル
95%
住友化学(本店) 東京都中央区日本橋2丁目7番1号東京日本橋タワー
95%
住友ファーマ(東京本社) 東京都中央区日本橋2丁目7番1号東京日本橋タワー
95%
7186 コンコルディア・フィナンシャルグループ 東京都中央区日本橋2丁目7番1号 東京日本橋タワー
95%
8795 T&Dホールディングス 東京都中央区日本橋2丁目7番1号 東京日本橋タワー
95%
5108 ブリヂストン 東京都中央区京橋3丁目1番1号 東京スクエアガーデン
95%
4568 第一三共 東京都中央区日本橋本町3丁目5番1号
95%
4631 DIC 東京都中央区日本橋3丁目7番20号ディーアイシービル
95%
4751 サイバーエージェント 東京都渋谷区宇田川町40番1号Abema Towers
95%
2501 サッポロホールディングス 東京都渋谷区恵比寿4丁目20番1号恵比寿ガーデンプレイス
95%
パルプ・紙 3861 王子ホールディングス 東京都中央区銀座4丁目7番5号
95%
9005 東急 東京都渋谷区南平台町5番6号
95%
造船 7002 三井E&Sホールディングス 東京都中央区築地5丁目6番4号 浜離宮三井ビルディング
95%
J.フロント リテイリング(本店) 東京都中央区銀座6丁目10番1号
95%
2871 ニチレイ 東京都中央区築地6丁目19番20号
95%
資生堂(本店) 東京都中央区銀座7丁目5番5号
95%
5803 フジクラ 東京都江東区木場1丁目5番1号
89%
りそなホールディングス(東京本社・本店) 東京都江東区木場1丁目5番65号 深川ギャザリアW2棟
89%
7013 IHI 東京都江東区豊洲3丁目1番1号 豊洲IHIビル
89%
6723 ルネサスエレクトロニクス 東京都江東区豊洲3丁目2番24号
89%
9613 NTTデータ 東京都江東区豊洲3丁目3番3号 豊洲センタービル
89%
5706 三井金属鉱業 東京都品川区大崎1丁目11番1号ゲートシティ大崎ウエストタワー
88%
機械 5631 日本製鋼所 東京都品川区大崎1丁目11番1号 ゲートシティ大崎ウエストタワー
88%
6504 富士電機(本社) 東京都品川区大崎1丁目11番2号 ゲートシティ大崎イーストタワー
88%
6471 日本精工 東京都品川区大崎1丁目6番3号
88%
6302 住友重機械工業 東京都品川区大崎2丁目1番1号ThinkPark Tower
88%
建設 1721 コムシスホールディングス 東京都品川区東五反田2丁目17番1号
88%
空運 9201 日本航空 東京都品川区東品川2丁目4番11号 野村不動産天王洲ビル
88%
神戸製鋼所(東京本社) 東京都品川区北品川5丁目9番12号
88%
日立造船(東京本社) 東京都品川区南大井6丁目26番3号大森ベルポート
88%
その他の金融 8253 クレディセゾン 東京都豊島区東池袋3丁目1番1号 サンシャイン60
87%
6361 荏原製作所 東京都大田区羽田旭町11番1号
85%
7752 リコー 東京都大田区中馬込1丁目3番6号
85%
6770 アルプスアルパイン 東京都大田区雪谷大塚町1番7号
85%
7751 キヤノン 東京都大田区下丸子3丁目30番2号
85%
5233 太平洋セメント 東京都文京区小石川1丁目1番1号 文京ガーデン ゲートタワー
84%
7911 凸版印刷(本社) 東京都文京区水道1丁目3番3号
84%
4523 エーザイ 東京都文京区小石川4丁目6番10号
84%
日本製紙(本店) 東京都北区王子1丁目4番1号
83%
中外製薬(本店) 東京都北区浮間五丁目5番1号
83%
4755 楽天 東京都世田谷区玉川1丁目14番1号楽天クリムゾンハウス
82%
凸版印刷(本店) 東京都台東区台東1丁目5番1号
81%
6305 日立建機 東京都台東区東上野2丁目16番1号上野イーストタワー
81%
東武鉄道(本店) 東京都墨田区押上1丁目1番2号東京スカイツリーイーストタワー
80%
2502 アサヒグループホールディングス 東京都墨田区吾妻橋1丁目23番1号
80%
9001 東武鉄道(本社) 東京都墨田区押上2丁目18番12号東武館
80%
8697 日本取引所グループ(本社) 大阪府大阪市中央区北浜1丁目8番16号
78%
8308 りそなホールディングス(大阪本社) 大阪府大阪市中央区備後町2丁目2番1号
78%
4506 住友ファーマ(大阪本社) 大阪府大阪市中央区道修町2丁目6番8号
78%
4507 塩野義製薬 大阪市中央区道修町3丁目1番8号
78%
武田薬品工業(大阪本社・本店) 大阪府大阪市中央区道修町4丁目1番1号
78%
9532 大阪ガス 大阪府大阪市中央区平野町4丁目1番2号 大阪瓦斯ビルヂング
78%
5202 日本板硝子(本社) 大阪市中央区北浜4丁目5番33号 住友ビル本館4階
78%
4005 住友化学(本社) 大阪府大阪市中央区北浜4丁目5番33号 住友ビル
78%
5802 住友電気工業(本社) 大阪市中央区北浜4丁目5番33号住友ビル
78%
8233 髙島屋 大阪府大阪市中央区難波5丁目1番5号 南海ビルディング
78%
2503 キリンホールディングス 東京都中野区中野4丁目10番2号
中野セントラルパークサウス
77%
8252 丸井グループ 東京都中野区中野4丁目3番2号
77%
6367 ダイキン工業 大阪市北区梅田1丁目13番1号大阪梅田ツインタワーズ・サウス
74%
1928 積水ハウス 大阪府大阪市北区大淀中1丁目1番88号 梅田スカイビルタワーイースト
74%
東レ(大阪本社) 大阪府大阪市北区中之島2丁目3番18号 中之島三井ビルディング
74%
9021 西日本旅客鉄道 大阪府大阪市北区芝田2丁目4番24号
74%
2282 日本ハム 大阪府大阪市北区梅田2丁目4番9号ブリーゼタワー
74%
伊藤忠商事(大阪本社・本店) 大阪府大阪市北区梅田3丁目1番3号 ノースゲートビルディング
74%
帝人(大阪本社・本店) 大阪府大阪市北区中之島3丁目2番4号 中之島フェスティバルタワー・ウエスト
74%
1925 大和ハウス工業(大阪本社・本店) 大阪府大阪市北区梅田3丁目3番5号大和ハウス大阪ビル
74%
9503 関西電力 大阪府大阪市北区中之島3丁目6番16号関電ビルディング
74%
6988 日東電工(本社) 大阪府大阪市北区大深町4番20号グランフロント大阪タワーA 33階
74%
7203 トヨタ自動車 愛知県豊田市トヨタ町1番地
70%
9022 東海旅客鉄道 愛知県名古屋市中村区名駅1丁目1番4号JRセントラルタワーズ
64%
8015 豊田通商(名古屋本社・本店) 愛知県名古屋市中村区名駅4丁目9番8号センチュリー豊田ビル
64%
川崎重工業(神戸本社・本店) 兵庫県神戸市中央区東川崎町1丁目1番3号 神戸クリスタルタワー
61%
5406 神戸製鋼所(神戸本社・本店) 兵庫県神戸市中央区脇浜海岸通2丁目2番4号
61%
川崎汽船(本店) 兵庫県神戸市中央区海岸通8番地神港ビル
61%
自動車自動車部品 7201 日産自動車(本社) 神奈川県横浜市西区高島1丁目1番1号
60%
7202 いすゞ自動車 横浜市西区高島1丁目2番5号 横濱ゲートタワー
60%
1963 日揮ホールディングス 神奈川県横浜市西区みなとみらい2丁目3番1号 クイーンズタワーA
60%
三菱重工業 神奈川県横浜市西区みなとみらい3丁目3番1号三菱重工横浜ビル
60%
2531 宝ホールディングス 京都府京都市下京区四条通烏丸東入長刀鉾町20番地四条烏丸FTスクエア
59%
6645 オムロン 京都府京都市下京区塩小路通堀川東入南不動堂町801番地
59%
8331 千葉銀行 千葉県千葉市中央区千葉港1番2号
57%
富士電機(本店) 神奈川県川崎市川崎区田辺新田1番1号
56%
銀行 5831 しずおかフィナンシャルグループ 静岡県静岡市葵区呉服町1丁目10番地
56%
7951 ヤマハ 静岡県浜松市中区中沢町10番1号
55%
8354 ふくおかフィナンシャルグループ 福岡県福岡市中央区大手門1丁目8番3号
55%
8267 イオン 千葉県千葉市美浜区中瀬1丁目5番地1 イオンタワー
52%
4661 オリエンタルランド 千葉県浦安市舞浜1番地1
51%
6326 クボタ(本社) 大阪市浪速区敷津東1丁目2号47番
51%
UBE(本店) 山口県宇部市大字小串1978番地96
51%
6971 京セラ 京都府京都市伏見区竹田鳥羽殿町6番地
51%
6674 ジーエス・ユアサ コーポレーション 京都府京都市南区吉祥院西ノ庄猪之馬場町1番地
50%
7974 任天堂 京都府京都市南区上鳥羽鉾立町11番地1
50%
6472 NTN 大阪市西区京町堀1丁目3番17号
50%
8591 オリックス(大阪本社) 大阪府大阪市西区西本町1丁目4番1号 オリックス本町ビル
50%
6594 日本電産 京都府京都市南区久世殿城町338番地
50%
2801 キッコーマン 千葉県野田市野田250番地
49%
日産自動車(本店) 神奈川県横浜市神奈川区宝町2番地
48%
7205 日野自動車 東京都日野市日野台3丁目1番地1
48%
7735 SCREENホールディングス 京都府京都市上京区堀川通寺之内上る4丁目天神北町1番地1
47%
6861 キーエンス 大阪府大阪市東淀川区東中島1丁目3番14号
44%
5332 TOTO 福岡県北九州市小倉北区中島2丁目1番1号
44%
9983 ファーストリテイリング 山口県山口市佐山10717番地1
40%
6752 パナソニックホールディングス 大阪府門真市大字門真1006番地
39%
7261 マツダ 広島県安芸郡府中町新地3番1号
39%
9009 京成電鉄 千葉県市川市八幡3丁目3番1号
39%
9502 中部電力 愛知県名古屋市東区東新町1番地
38%
トクヤマ(本店) 山口県周南市御影町1番1号
38%
東ソー(本店) 山口県周南市開成町4560番地
38%
7272 ヤマハ発動機 静岡県磐田市新貝2500番地
37%
7269 スズキ 静岡県浜松市南区高塚町300番地
37%
9008 京王電鉄(本社) 東京都多摩市関戸1丁目9番地1
34%
富士通(本店) 神奈川県川崎市中原区上小田中4丁目1番1号
34%
クラレ(本店) 岡山県倉敷市酒津1621番地
30%
9007 小田急電鉄(本社) 神奈川県海老名市めぐみ町2番2号ViNA GARDENS OFFICE
30%
6724 セイコーエプソン(本社) 長野県諏訪市大和3丁目3番5号
29%
6753 シャープ 大阪府堺市堺区匠町1番地
28%
6473 ジェイテクト 愛知県刈谷市朝日町1丁目1番地
28%
6902 デンソー 愛知県刈谷市昭和町1丁目1番地
28%
6506 安川電機 福岡県北九州市八幡西区黒崎城石2番1号
28%
6841 横河電機 東京都武蔵野市中町2丁目9番32号
27%
6954 ファナック 山梨県南都留郡忍野村忍草字古馬場3580番地
25%
6981 村田製作所 京都府長岡京市東神足1丁目10番1号
24%
7004 日立造船(本社) 大阪府大阪市住之江区南港北1丁目7番89号
20%
5214 日本電気硝子 滋賀県大津市晴嵐2丁目7番1号
17%
ゴム 5101 横浜ゴム 神奈川県平塚市追分2番1号
15%
5333 日本碍子 愛知県名古屋市瑞穂区須田町2番56号
14%
7762 シチズン時計 東京都西東京市田無町6丁目1番12号
12%
日東電工(本店) 大阪府茨木市下穂積1丁目1番2号
10%
6113 アマダ 神奈川県伊勢原市石田200
7%
5541 大平洋金属(本社) 青森県八戸市大字河原木字遠山新田5番地2
7%
電気機器 6479 ミネベアミツミ 長野県北佐久郡御代田町大字御代田4106番地73
6%
6103 オークマ 愛知県丹羽郡大口町下小口5丁目25番1号
5%
No matching quizzes found
Score Distribution
Percent of People with Each Score
Percentile by Number Answered
Your Score History
You have not taken this quiz